La huella abrupta

Đã lưu trong:
Chi tiết về thư mục
Tác giả chính: Leckius, Ingemar
Định dạng: Sách
Ngôn ngữ:Undetermined
Được phát hành: Barcelona, España Devenir 1988
Những chủ đề:
Các nhãn: Thêm thẻ
Không có thẻ, Là người đầu tiên thẻ bản ghi này!

MARC

LEADER 00000nam a2200000Ia 4500
008 170316s9999 xx 000 0 und d
040 |a cru BVZT 
090 |a 840 L-5h 
100 |a Leckius, Ingemar 
245 |a La huella abrupta 
260 |a Barcelona, España 
260 |b Devenir 
260 |c 1988 
300 |a 72 páginas 
650 |a LITERATURA FRANCESA 
999 |c 7767  |d 7767 
942 |c 15 D  |h 840 L-5h  |2 z